| 000 | 01343nam a22002897a 4500 | ||
|---|---|---|---|
| 005 | 20240305165456.0 | ||
| 007 | cr|||| |||| | ||
| 008 | 171031s2007 xxc|||||s|||| 00||0 eng d | ||
| 020 | _a978-1-55221-136-6 | ||
| 035 | _a20643 | ||
| 040 | _avLex | ||
| 090 |
_c7185 _d7185 |
||
| 100 | 1 | _aOgilvie, M.H. | |
| 245 | 1 | 0 |
_aIrwin Law: _h[Recurso electrónico] : _bBank and Customer Law in Canada (First Edition) / _cM.H. Ogilvie - LSM, B.A., LL.B., M.A., D.Phil., D.D., F.R.S.C. Of the Bars of Ontario and Nova Scotia Chancellors Professor and Professor of Law, Carleton University |
| 250 | _aFirst Edition | ||
| 256 | _aServicio en línea | ||
| 260 |
_aToronto: _bIrwin Law Inc., _c2007 |
||
| 300 | _a1 recurso electrónico | ||
| 506 | 1 |
_aDisponible solo en los productos indicados _dvLex Global _dvLex Global (Academic Edition, excluding Law Schools) _dvLex Global (U.S. Academic Edition, Law Schools) _dvLex Global (U.S. Academic Edition, excluding Law Schools) _dvLex Global (Academic Edition, Law Schools) |
|
| 650 | 0 | 4 |
_aDerecho Cambiario y Bursátil _zCanadá |
| 650 | 0 | 4 |
_aCódigo de Comercio y Registro Mercantil _zCanadá |
| 650 | 0 | 4 |
_aConsumidores _zCanadá |
| 700 | 1 | _aScotia, Nova | |
| 740 | 0 | _avLex Libros (Servicio en linea) | |
| 856 | 4 | 0 | _uhttps://app.vlex.com/#/sources/bank-customer-law-canada-20643 |
| 942 | _cRAA | ||
| 999 |
_c165425 _d165425 |
||